000 00301nam a22001337a 4500
008 210301b ||||| |||| 00| 0 eng d
020 _a9780136004301
041 _aeng
080 _29th
_a338
100 _a54
101 _aMEN
245 _aModern Database Management
_cHoffer,A.J
942 _2udc
_cBK
999 _c55396
_d55396